000 00500nam a2200181Ia 4500
005 20230313140909.0
008 131103s9999 xx 000 0 und d
040 _aLoreto College
041 _aEnglish
082 _a891.44
_bCHA
100 _aChakroborty, Barun Kumar
245 _aBangla sahityar bismrita adhay
_cBarun Kumar Chakroborty
260 _aCalcutta
_bAparna Book
_c1989
300 _a280p
650 _aBengali Literature - History and Criticism
850 _aLCLIB
942 _cBK
999 _c17866
_d68345